| 000 | 00558nam a2200217 a 4500 | ||
|---|---|---|---|
| 999 |
_c1718 _d1718 |
||
| 007 | ta | ||
| 008 | 200116t ii a|||g |||| 00| 0 eng d | ||
| 040 |
_aKO _beng |
||
| 041 | 0 | _aeng | |
| 044 | _aii | ||
| 082 | 0 | 4 |
_223 _a616.0252 _bIn253 |
| 110 | _aIndian Maritime University (India) | ||
| 245 | 1 | 0 |
_aElementary First Aid Course / _bIndian Maritime University |
| 260 |
_aCochin : _bIndian Maritime University , _c[201- ?] |
||
| 300 |
_a85 p. : _bill. ; _c30 cm. |
||
| 650 | 0 | _aFirst aid | |
| 651 | _yBK | ||
| 904 | _aReshma_R | ||
| 942 | _cBK | ||